000
00463nam a22001217a 4500
008
241216b |||||||| |||| 00| 0 eng d
020
_a
9789993653509
100
_a
རིན་ཆེན་འོད་ཟེར།
245
_a
ལྷོའི་ཆོས་འབྱུང་འཕྲོ་མཐུན་འཇམ་མགོན་སྨོན་མཐའི་འཕྲེང་བ།
260
_c
༢༠༡༩.
300
_a
p. 841;
_c
23 Cm.
942
_2
ddc
999
_c
10118
_d
10119